[Event "Titled Tuesday intern op 19th Jan"]
[Site "Chess.com INT"]
[Date "2021.01.19"]
[Round "7"]
[White "Cuevas, Alex"]
[Black "Budrewicz, Krzysztof"]
[Result "0-1"]
[WhiteElo "2268"]
[BlackElo "2289"]
[PlyCount "154"]
[EventDate "2021.01.19"]
[EventType "swiss (blitz)"]
[EventRounds "11"]
[EventCountry "USA"]
[SourceTitle "CBM 200 Extra"]
[Source "ChessBase"]
[SourceDate "2021.03.31"]
[SourceVersion "1"]
[SourceVersionDate "2021.03.31"]
[SourceQuality "1"]

1. c4 Nf6 2. Nc3 b6 3. e4 e5 4. Nf3 Nc6 5. Bd3 Bc5 6. 0-0 0-0 7. Bc2 d6 8. h3 a5 9. d3 h6 10. Ba4 Bd7 11. Nd5 Nxd5 12. cxd5 Ne7 13. Bxd7 Qxd7 14. Be3 f5 15. Bxc5 bxc5 16. Nd2 f4 17. Qg4 Qxg4 18. hxg4 Rfb8 19. Nc4 a4 20. Kh2 Kf7 21. g3 fxg3+ 22. Kxg3 g5 23. Rh1 Kg6 24. Rh5 Ng8 25. Rah1 Rb4 26. f3 Rab8 27. R5h2 Kg7 28. Rc2 Rf8 29. Na5 Ne7 30. Rch2 Rh8 31. Nc4 Nc8 32. Rc1 Nb6 33. Na5 Rd4 34. Rc3 Rf8 35. Nc6 Nd7 36. Nxd4 exd4 37. Ra3 Ne5 38. Rf2 Rb8 39. Rd2 Rf8 40. Rf2 Rf7 41. Kg2 Kf8 42. Kg3 Ke7 43. Rxa4 Nxd3 44. Rd2 Ne5 45. Rf2 Rf8 46. Ra3 Kd7 47. Rb3 c4 48. Rb4 d3 49. a4 d2 50. Rxd2 Rxf3+ 51. Kg2 Rf8 52. a5 Nxg4 53. a6 Ra8 54. Ra4 Ne5 55. Kg3 h5 56. Rf2 Ke7 57. Rf5 Nf7 58. a7 Ke8 59. Rf3 h4+ 60. Kg2 Ne5 61. Rfa3 Kd7 62. Rb4 Kc8 63. Kh3 c6 64. dxc6 Kc7 65. Rb7+ Kc8 66. Rg7 Nxc6 67. Rxg5 Kb7 68. Rg7+ Kb6 69. Rg6 Kc5 70. Rg5+ Kb4 71. Rd5 Rxa7 72. Rxa7 Nxa7 73. Rxd6 Kc5 74. Rd2 Nc6 75. Kxh4 Nb4 76. Kg5 Nd3 77. Kf6 Kd4 0-1

[Event "Titled Tuesday intern op 19th Jan"]
[Site "Chess.com INT"]
[Date "2021.01.19"]
[Round "4"]
[White "Cuevas, Alex"]
[Black "Zverev, Lev"]
[Result "0-1"]
[WhiteElo "2268"]
[BlackElo "1987"]
[PlyCount "174"]
[EventDate "2021.01.19"]
[EventType "swiss (blitz)"]
[EventRounds "11"]
[EventCountry "USA"]
[SourceTitle "CBM 200 Extra"]
[Source "ChessBase"]
[SourceDate "2021.03.31"]
[SourceVersion "1"]
[SourceVersionDate "2021.03.31"]
[SourceQuality "1"]

1. c4 Nf6 2. Nc3 g6 3. d4 Bg7 4. e4 d6 5. Nge2 0-0 6. Ng3 e5 7. d5 Nbd7 8. h4 h5 9. Be2 Nh7 10. Be3 Ndf6 11. f3 Ne8 12. c5 Bf6 13. cxd6 Bxh4 14. Kf2 Nxd6 15. Qd2 f5 16. exf5 Nxf5 17. Rh3 Nxe3 18. Qxe3 Bxh3 19. gxh3 Ng5 20. Kg2 Qd7 21. Rh1 Rae8 22. Nge4 Nxe4 23. Qxe4 Rf4 24. Qxg6+ Qg7 25. Qxg7+ Kxg7 26. Bd3 Kh6 27. Be4 Rg8+ 28. Kf1 Rgf8 29. Ke2 a6 30. Rg1 Bg5 31. Nd1 R4f6 32. Nf2 Rb6 33. b3 Rd6 34. Nd3 Re8 35. Nc5 h4 36. Ne6 Rg8 37. Nxc7 Rd7 38. Ne6 Rd6 39. Nc5 b6 40. Nd3 Rc8 41. Nxe5 Rc7 42. Ng4+ Kh5 43. Ne5 Re7 44. Ng4 Rxd5 45. Rd1 Rxd1 46. Kxd1 Rd7+ 47. Ke2 Rd2+ 48. Ke1 Rxa2 49. Ne5 Ra1+ 50. Ke2 Bf4 51. Nc4 b5 52. Nb6 Ra2+ 53. Kd3 Rd2+ 54. Kc3 Be3 55. Nd5 Bh6 56. Nc7 Rf2 57. Nxa6 Rf1 58. Kb4 Rc1 59. Kxb5 Rc8 60. Nb4 Rb8+ 61. Ka4 Bf8 62. Nd5 Ra8+ 63. Kb5 Rb8+ 64. Kc4 Kg5 65. b4 Kh6 66. b5 Rc8+ 67. Kb3 Rb8 68. b6 Bc5 69. Kc4 Bxb6 70. Nf6 Bc7 71. Ng4+ Kg5 72. Kd5 Kf4 73. Kc6 Ba5 74. Nf6 Rb2 75. Nd5+ Kg3 76. Bf5 Kxf3 77. Nf6 Kg3 78. Bg4 Rc2+ 79. Kd5 Rb2 80. Ne4+ Kf4 81. Nd6 Rd2+ 82. Ke6 Rg2 83. Nf5 Rxg4 84. hxg4 h3 85. Nd4 h2 86. Ne2+ Kxg4 87. Ng3 Kxg3 0-1